000 00313nam a2200121Ia 4500
008 191201s2011 xx 000 0 und d
100 _aKUMAR,Jitendra
245 0 _aTextile Chemical Processing
260 _aN. delhi
_bpankaj pub international
_c2011
300 _a374
650 _aB.Tech(TE)
942 _2ddc
_cBK
_024
999 _c5179
_d5179